000 00705nam a2200253Ia 4500
003 OSt
005 20221006141902.0
006 a|||||r|||| 00| 0
007 ta
008 221006b |||||||| |||| 00| 0 eng d
020 _c279.60
024 _a4,569
037 _cTextual
040 _aEASL
_cEASL
_beng
041 _2eng
_aeng
082 _aV41.N8, M4;1
100 _aCOHEN Paul A
_9109761
245 0 _aDiscovering history in China
_b American historical writing on the recent Chinese past
260 _aNew York
_bColumbia University Press
_c1984
300 _a243p.
_ccm.
490 _v TB
942 _hV41.N8, M4;1
_cTEXL
_2CC
999 _c1072655
_d1072655